000 00334 a2200109 4500
001 ART_11023
005 20260410161849.0
008 260409a
245 1 0 _aHacia una teoría del no equilibrio económico
100 1 _aBeker, Víctor Alberto
773 0 _tEconómica
_g- Año XXXVIII, Nº 1/2 (ene. 1992)
_wREV7541
999 _c24866
_d24866